00451nam a2200169Ia 450000500170000000800410001702000180005804100080007608200150008410000160009924500440011526000400015930000090019950000290020865000280023770000160026520251118163021.0230125s9999 xx 000 0 und d a81-7929-191-X aeng a158.1bAZZ aAzzopardi G aThe Best Methods For Developing Your IQ c2007bInfinity Books PubaNew Delhi a304p aPersonality Development, aPersonality Development aAzzopardi G